000 00961nam0a22003131 4500
001 RU\NLR\A1SV\71298
005 20251203171251.9
035 _a(NLR Aleph) 009752841
090 _a9987605
_c9987605
100 _a20060802d1925 u y0rusy50 ca
101 0 _arus
102 _aRU
200 1 _aНа заработок
_e[Повесть]
_fС.Хатунский [псевд.]
210 _aМ.
_aЛ.
_cЗемля и фабрика
_d1925
215 _a127 с.
_cил.
_d18 см
225 _aБ-ка подрастающего поколения
620 _dМосква
620 _dСанкт-Петербург
700 1 _6z01790
_aКурнин
_bС.В.
_f1866-
_gСергей Васильевич
790 1 _6z01700
_aХатунский
_bС.
801 0 _aRU
_bNLR
_c20060802
899 _aРНБ
_j67-2/2473
899 _aРНБ
_j67-3/4659
899 _aНОУНБ
899 _aРГБ
942 _cBOOK
980 _aNB
980 _aA1SV